Ética nicomáquea: (Registro nro. 1149)
[ vista simple ]
| 000 -Cabecera | |
|---|---|
| Campo de control interno | 00401nam a2200181Ia 4500 |
| 005 - Fecha y hora del registro | |
| control field | 20260306140610.0 |
| 008 - Elementos de Longitud Fija | |
| fixed length control field | 260306t1985||||xx |||||||||||||| ||spa|| |
| 041 ## - Idioma | |
| Codigo Idioma | ESP |
| 082 ## - DEWEY y NOTACIÓN INTERNA | |
| Dewey | 185 |
| Notación Interna | A72E |
| 100 ## - AUTOR | |
| Autor denominación | Aristóteles |
| Término de relación | autor |
| 245 #0 - TÍTULO DE MATERIAL BIBLIOGRÁFICO | |
| Título | Ética nicomáquea: |
| Título paralelo | ética eudemia |
| 260 ## - CIUDAD, EDITORIAL, AÑO | |
| Año | 1985 |
| 300 ## - DESCRIPCIÓN | |
| N° Páginas | |
| Dimensiones | |
| 650 ## - TEMAS | |
| Temas | Generalidades |
| 654 ## - PROGRAMAS | |
| Programa | Dpto. de Humanidades |
| 942 ## - ELEMENTOS DE KOHA | |
| Tipo de documento | Libro |
| Nombre del creador | Justo Noguera |
| Código de catalogador | Justo Noguera |
| Esquema de clasificación | Dewey Decimal Classification |
| Suppress in OPAC | |
| Codigo completo | Registro | Colección | Copia número | Disponibilidad | Tipo de préstamo | Biblioteca Actual | Procedencia (Biblioteca) | Ubicacón | Fecha Ingreso | Tipo de Adquisición | Date last seen | Total checkouts | Date last checked out | Price effective from | Tipo de Item | Estado del Material | Fuente de Clasificación | Damaged status | Withdrawn status |
|---|---|---|---|---|---|---|---|---|---|---|---|---|---|---|---|---|---|---|---|
| 185 A72E | 1005681 | Universidad Católica San Pablo | 1 | Disponible | Disponible | Víctor Andrés Belaunde | Víctor Andrés Belaunde | Planta baja abierta | 03/06/2026 | Compra | 26/03/2026 | 1 | 24/03/2026 | 06/03/2026 | Libro | Bueno | Dewey Decimal Classification |




